Auditing / Completeness - Accuracy - Validity (Record no. 3721)
[ view plain ]
| 000 -LEADER | |
|---|---|
| fixed length control field | 01120cam a22001934a 4500 |
| 005 - ΗΜΕΡΟΜΗΝΙΑ ΚΑΙ ΩΡΑ ΤΕΛΕΥΤΑΙΑΣ ΕΝΗΜΕΡΩΣΗΣ | |
| Πεδίο ελέγχου | 20250605164123.0 |
| 008 - FIXED-LENGTH DATA ELEMENTS--GENERAL INFORMATION | |
| Πεδίο ελέγχου σταθερού μήκους | 250528s ||||||||||||||||||||||||d |
| 035 ## - SYSTEM CONTROL NUMBER | |
| System control number | 18359 |
| 020 ## - ISBN | |
| ISBN | 434906972 |
| 040 ## - ΠΗΓΗ ΚΑΤΑΛΟΓΟΓΡΑΦΗΣΗΣ | |
| Φορέας πρωτότυπης καταλογογράφησης | MC Athens Campus Library |
| Γλώσσα καταλογογράφησης | Ελληνικά, Μοντέρνα (1453-) |
| Modifying agency | MC Athens Campus Library |
| Κανόνες περιγραφικής καταλογογράφησης | AACR2 |
| 245 1# - ΤΙΤΛΟΣ ΚΑΙ ΔΗΛΩΣΗ ΥΠΕΥΘΥΝΟΤΗΤΑΣ | |
| Τίτλος | Auditing / Completeness - Accuracy - Validity |
| 260 ## - PUBLICATION, DISTRIBUTION, ETC. | |
| Name of publisher, distributor, etc. | Made Simple Books, |
| Date of publication, distribution, etc. | 1990 |
| 300 ## - PHYSICAL DESCRIPTION | |
| Extent | 434 |
| 520 ## - SUMMARY, ETC. | |
| Summary, etc. | An extensive coverage of the often complex subject of auditing. Preface, Introduction, The Statutory Audit, Systems-Based Auditing, Auditing the Sales and Trade Debtors' Cycle, Auditing the Cash Received Cycle, Auditing the Purchases and Trade Creditors' Cycle, Auditing Wages and Salaries, Auditing the Stock and Work in Progress Cycle and the Bank Account, Auditing Share Capital and Debentures and Deferred Taxation, Auditing Fixed Assets, The Final Audit - Events After the Balance Sheet Date, Reports of the Auditor, Legal Aspects of Auditing, Computer Auditing, Audit of Groups, Investigations, Specialized Audits, Answers to Questions, Index. |
| 700 1# - ΠΡΟΣΘΕΤΗ ΑΝΑΓΡΑΦΗ--ΦΥΣΙΚΟ ΠΡΟΣΩΠΟ | |
| Personal name | Glaser K.M |
| 9 (RLIN) | 4634 |
| 942 ## - ADDED ENTRY ELEMENTS (KOHA) | |
| Koha item type | Books |
| Τύπος τεκμηρίου | Βιβλιοθήκη | Τρέχουσα τοποθεσία | Barcode | Αριθμός εισαγωγής | Ημερομηνία απόκτησης | Ταξιθετικό σύμβολο | Αριθμός αντιτύπου | Κατάσταση απόσυρσης | Κατάσταση χαμένου | Κατάσταση κατεστραμμένου | Μη δανεισμός | Σύνολο δανεισμών | Ημερομηνία τελευταίας εμφάνισης | Η τιμή ισχύει από |
|---|---|---|---|---|---|---|---|---|---|---|---|---|---|---|
| Books | MC Athens Campus Library | MC Athens Campus Library | 9780000037206 | 3003 | 05/06/2025 | 657/.45 GLA | 1 | 05/06/2025 | 05/06/2025 |